| 000 | 00663nam a2200205Ia 4500 | ||
|---|---|---|---|
| 003 | OSt | ||
| 005 | 20230401111608.0 | ||
| 008 | 210423s2005 xx 000 0 und d | ||
| 020 | _a749445211 | ||
| 040 | _cAL | ||
| 041 | _aeng | ||
| 082 | _a659.2 WATT | ||
| 100 |
_aWATSON (Tom);NOBLE (Paul). _981606 |
||
| 245 | _aEvaluating public relations: a best practice guide to public relations planning research and evaluation. | ||
| 260 |
_aLondon _bKogan Page Ltd _c2005 |
||
| 300 |
_avii,213 _bPB |
||
| 365 |
_b325 _cINR |
||
| 906 | _abest ; Evaluating ; evaluation. ; guide ; planning ; practice ; public ; relations ; relations: ; research | ||
| 942 |
_2ddc _cBK |
||
| 999 |
_c157828 _d157828 |
||